<?xml version="1.0" encoding="UTF-8"?>
<record
    xmlns:xsi="http://www.w3.org/2001/XMLSchema-instance"
    xsi:schemaLocation="http://www.loc.gov/MARC21/slim http://www.loc.gov/standards/marcxml/schema/MARC21slim.xsd"
    xmlns="http://www.loc.gov/MARC21/slim">

  <leader>02320    a2200205   4500</leader>
  <controlfield tag="001">54336</controlfield>
  <controlfield tag="005">20260407155815.0</controlfield>
  <controlfield tag="008">260407a1979    arg                 spa d</controlfield>
  <controlfield tag="003">AR-UNSa-BCEJYS</controlfield>
  <datafield tag="040" ind1=" " ind2=" ">
    <subfield code="a">AR-UNSa-BCEJYS</subfield>
    <subfield code="b">spa</subfield>
    <subfield code="c">AR-UNSa-BCEJYS</subfield>
  </datafield>
  <datafield tag="080" ind1=" " ind2=" ">
    <subfield code="a">330.101</subfield>
    <subfield code="x">Ciencia econ&#xF3;mica en general. La econom&#xED;a y sus problemas. Objeto y m&#xE9;todos de la econom&#xED;a pol&#xED;tica </subfield>
  </datafield>
  <datafield tag="245" ind1="1" ind2="0">
    <subfield code="a">Econom&#xED;a y sociedad</subfield>
  </datafield>
  <datafield tag="264" ind1=" " ind2="1">
    <subfield code="a">M&#xE9;xico :</subfield>
    <subfield code="b">El Ateneo</subfield>
    <subfield code="c">1979</subfield>
  </datafield>
  <datafield tag="300" ind1=" " ind2=" ">
    <subfield code="a">xi, 315 p.</subfield>
    <subfield code="c">23 cm.</subfield>
  </datafield>
  <datafield tag="505" ind1=" " ind2=" ">
    <subfield code="a">Primera Parte: LA POTENCIA EN LA ECONOMIA: 1. La econ&#xF3;mica y la sociedad contempor&#xE1;nea &#x2013; 2. El enfoque econ&#xF3;mico de los problemas sociales &#x2013; 3. La econom&#xED;a pol&#xED;tica de la opulencia &#x2013; 4. La pol&#xED;tica social de una sociedad opulenta - - Segunda Parte: LA REVOLUCION KEYNESIANA, PARA BIEN O PARA MAL: 5. La &#x201C;teor&#xED;a general&#x201D; despu&#xE9;s de veinticinco a&#xF1;os &#x2013; 6. Keynes y la econom&#xED;a brit&#xE1;nica &#x2013; 7. La revoluci&#xF3;n keynesiana y la contrarrevoluci&#xF3;n monetarista &#x2013; 8. Cambridge en la d&#xE9;cada del cincuenta - - Tercera Parte: LA ECONOMIA Y LAS UNIVERSIDADES: 9. Los estilos nacionales en la investigaci&#xF3;n econ&#xF3;mica: Estados Unidos, el reino unido y diversos pa&#xED;ses europeos &#x2013; 10. Los acad&#xE9;micos como adversarios p&#xFA;blicos: el caso de la econom&#xED;a &#x2013; 11. La universidad y el bienestar social &#x2013; 12. Factores pol&#xED;ticos e ideol&#xF3;gicos que influyen sobre la econom&#xED;a contempor&#xE1;nea - - Cuarta Parte: LA ECONOMIA Y LOS PROBLEMAS CONTEMPORANEOS: INFLACION Y DESIGUALDAD: 13. El problema de la inflaci&#xF3;n &#x2013; 14. Algunas observaciones microecon&#xF3;micas acerca de las desigualdades del ingreso y la riqueza &#x2013; 15. La desigualdad de la distribuci&#xF3;n del ingreso y del problema de la pobreza - - Quinta Parte: LA ECONOMIA Y LOS PROBLEMAS CONTEMPORANEOS: LA INFLACION MUNDIAL, EL DINERO, EL COMERCIO, EL CRECIMIENTO Y LA INVERSION: 16. La inflaci&#xF3;n mundial: enfoque monetarista &#x2013; 17. Aspecto de econom&#xED;a pol&#xED;tica de la reforma monetaria internacional &#x2013; 18. El mercantilismo: pasado, presente y futuro &#x2013; 19. El problema del desarrollo econ&#xF3;mico &#x2013; 20. Inversi&#xF3;n. Extranjera directa: rese&#xF1;a de los problemas - - Sexta Parte: LA ECONOMIA Y EL AMBIENTE: 21. El hombre y su ambiente.</subfield>
  </datafield>
  <datafield tag="041" ind1=" " ind2=" ">
    <subfield code="a">spa</subfield>
  </datafield>
  <datafield tag="942" ind1=" " ind2=" ">
    <subfield code="c">BK</subfield>
  </datafield>
  <datafield tag="590" ind1=" " ind2=" ">
    <subfield code="a">niveau_biblio:m niveau_hierar:0</subfield>
  </datafield>
  <datafield tag="100" ind1="1" ind2=" ">
    <subfield code="a">Johnson, Harry G.</subfield>
  </datafield>
  <datafield tag="999" ind1=" " ind2=" ">
    <subfield code="c">5499</subfield>
    <subfield code="d">5499</subfield>
  </datafield>
  <datafield tag="952" ind1=" " ind2=" ">
    <subfield code="0">0</subfield>
    <subfield code="1">0</subfield>
    <subfield code="4">0</subfield>
    <subfield code="7">0</subfield>
    <subfield code="a">BCEJYS</subfield>
    <subfield code="b">BCEJYS</subfield>
    <subfield code="c">16</subfield>
    <subfield code="d">2026-04-07</subfield>
    <subfield code="l">0</subfield>
    <subfield code="o">330.101 J65</subfield>
    <subfield code="p">L33174</subfield>
    <subfield code="r">2026-04-07 15:58:15</subfield>
    <subfield code="w">2026-04-07</subfield>
    <subfield code="y">L</subfield>
  </datafield>
</record>
